000 00609pab a2200229 454500
008 180718b2005 xxu||||| |||| 00| 0 eng d
100 _aBrowne, Irene
245 _aRace, ethnicity, and wage inequality among women: what happened in the 1990s and early 21st century?
260 _c2005
300 _ap.1275-292.
362 _aMay
650 _aIncome distribution
650 _aLabour market
650 _aWomen
650 _aWages
650 _aEthnic groups
650 _aEthnicity
650 _aWomen
700 _aAskew, Rachel
773 _aAmerican Behavioral Scientist
909 _a64844
999 _c64844
_d64844